Fejér megye települései - Statistics

General Stats
  • This quiz has been taken 19 times
  • The average score is 42 of 108
Answer Stats
Válaszok % Correct
Székesfehérvár
100%
Mór
89%
Vál
84%
Aba
79%
Gárdony
79%
Sárbogárd
79%
Szabadbattyán
79%
Velence
74%
Bicske
68%
Bodajk
68%
Csór
68%
Dunaújváros
68%
Csókakő
63%
Felcsút
63%
Martonvásár
63%
Polgárdi
63%
Sárszentmihály
63%
Tác
63%
Csákvár
58%
Enying
58%
Iszkaszentgyörgy
58%
Lepsény
58%
Seregélyes
58%
Úrhida
58%
Adony
53%
Alcsútdoboz
53%
Baracs
53%
Baracska
53%
Jenő
53%
Lovasberény
53%
Magyaralmás
53%
Nádasdladány
53%
Pákozd
53%
Sárkeresztúr
53%
Sárosd
53%
Alap
47%
Cece
47%
Fehérvárcsurgó
47%
Pátka
47%
Sárkeresztes
47%
Sárszentágota
47%
Zámoly
47%
Bakonycsernye
42%
Balinka
42%
Gánt
42%
Gyúró
42%
Kápolnásnyék
42%
Kőszárhegy
42%
Pusztaszabolcs
42%
Söréd
42%
Sukoró
42%
Etyek
37%
Kincsesbánya
37%
Sárkeszi
37%
Dég
32%
Isztimér
32%
Mány
32%
Mezőszentgyörgy
32%
Moha
32%
Nadap
32%
Perkáta
32%
Pusztavám
32%
Rácalmás
32%
Szabadegyháza
32%
Tordas
32%
Vereb
32%
Vértesacsa
32%
Vértesboglár
32%
Beloiannisz
26%
Csákberény
26%
Füle
26%
Káloz
26%
Kisapostag
26%
Lajoskomárom
26%
Mezőszilas
26%
Óbarok
26%
Bakonykúti
21%
Csabdi
21%
Ercsi
21%
Hantos
21%
Iváncsa
21%
Kajászó
21%
Kulcs
21%
Sáregres
21%
Szabadhídvég
21%
Szár
21%
Újbarok
21%
Besnyő
16%
Előszállás
16%
Igar
16%
Kisláng
16%
Mezőfalva
16%
Nagykarácsony
16%
Pázmánd
16%
Ráckeresztúr
16%
Tabajd
16%
Zichyújfalu
16%
Alsószentiván
11%
Mátyásdomb
11%
Mezőkomárom
11%
Nagylók
11%
Nagyveleg
11%
Soponya
11%
Csősz
5%
Vajta
5%
Bodmér
0%
Daruszentmiklós
0%
Nagyvenyim
0%
No matching quizzes found
Score Distribution
Percent of People with Each Score
Percentile by Number Answered
Your Score History
You have not taken this quiz